La tercera ola /

Guardado en:
Autor Principal: Toffler, Alvin.
Formato: Libro
Idioma:Spanish
English
Publicado: Barcelona : Plaza & Janés, 1993.
Edición:9a. ed.
Series:Tribuna de Plaza & Janés ; 106
Materias:
Etiquetas: Agregar Etiqueta
Sin Etiquetas, Sea el primero en etiquetar este registro!
LEADER 00893nam a22002535 4500
001 EAD.ead004698
008 230803s1993####sp#######b####001#0#spa#d
005 20230803190231.0
245 1 3 |a La tercera ola /  |c Alvin Toffler. 
250 |a 9a. ed. 
260 |a Barcelona :  |b Plaza & Janés,  |c 1993. 
300 |a [661] p. ;  |c 23 cm. 
490 1 |a Tribuna de Plaza & Janés ;  |v 106 
500 |a Traducción de: The third wave. 
500 |a "Una impresionante imagen de cómo será el mundo del mañana, que ha comenzado hoy"--Tapa. 
504 |a Incluye referencias bibliográficas e índice. 
020 |a 8401459303 (Vol. 106/1) 
020 |a 8401451019 (Col. Tribuna) 
100 1 |a Toffler, Alvin. 
830 0 |a Tribuna de Plaza & Janés ;  |v 106 
082 0 4 |a 303.4  |2 21 
650 7 |a Cambio social.  |2 unbist 
041 1 |a spa  |h eng 
859 |a AR-BaBDC  |b BIB. ADMINISTRACION - Libros  |h 303.4  |i T571a9  |p b07369